000 00480nam a2200181 a 4500
001 1772014066191
003 YourLibrary
005 20260225154029.0
008 260225s1998##################000#0#eng##
020 _a9781852079406
082 0 4 _a320.9595
_bJAR
100 1 _aJarman, Robert L.,
_eauthor.
245 1 0 _aAnnual Reports of the Straits Settlements 1855-1941 :
260 _c1998.
650 0 _aHistory.
942 _cENGLISH
040 _aYourLibrary
_beng
_cYourLibrary
999 _c615755
_d615755